Five-by-Five Faces of the UK Quiz Stats

 Plays Quiz Updated Feb 24, 2020

Support Sporcle.
Go Orange.
Score 0/25 Timer 05:00
1 Play Today
Hint Answer % Correct
POLITICSMargaret Thatcher
96%
Sir Winston Churchill
94.8%
Queen Elizabeth II
93.1%
Sir Paul McCartney
91.5%
Queen Victoria
90.1%
Simon Cowell
89.7%
MUSICMick Jagger
89.5%
Amy Winehouse
88.3%
FILMRowan Atkinson
85.5%
William Shakespeare
83.9%
J. K. Rowling
81.6%
Alfred Hitchcock
78.7%
Sir Anthony Hopkins
77.5%
Hint Answer % Correct
John Cleese
75.1%
Phil Collins
70.6%
Andy Murray
69.8%
Dame Julie Andrews
63.1%
Andrew Lloyd Webber
58.8%
Sir Isaac Newton
58.1%
Sir Alex Ferguson
51.4%
Lennox Lewis
44.5%
SPORTSPaula Radcliffe
30.7%
Benjamin Disraeli
30.2%
Sir Steve Redgrave
28.1%
MISC.J.R.R. Tolkien
20.9%

From the Vault

Black and White Flag Symbols

by matthijsbp

Type fast enough and you just might take the checkered flag.
Remove Ads.
Support Sporcle.
Get the best of Sporcle when you Go Orange. This ad-free experience offers more features, more stats, and more fun while also helping to support Sporcle. Thank you for becoming a member.

Show Comments

Extras

Top Quizzes Today


Score Distribution

Your Account Isn't Verified!

In order to create a playlist on Sporcle, you need to verify the email address you used during registration. Go to your Sporcle Settings to finish the process.

Report this User

Report this user for behavior that violates our Community Guidelines.

Details: